00247nam a22000977a 4500082001600000100002000016245004100036260004300077300002100120563000800141 a342.06bZAF aZafar, Emmanuel aAdministrative Law /cEmmanuel Zafar aLahore :bKhyber Law Publishers,cN.A. a254 p. ;c24 cm. aHB.